000 00385nam a2200133Ia 4500
005 20260328104344.0
008 260328s9999||||xx |||||||||||||| ||und||
100 _aHeckadon-Moreno, Stanley
245 0 _aPanamá :
_b Puente Biológico /
_cStanley Heckadon-Moreno
260 _bInstituto Smithsonian de Investigaciones Tropicales
300 _a233 p.
650 _aPANAMÁ
942 _cBK
999 _c12230
_d12230